ბათუმის შოთა რუსთაველის სახელმწიფო უნივერსიტეტის ბიბლიოთეკა

Organic chemistry / (ბიბ.ჩანაწერი № 42609)

000 -LEADER
fixed length control field 00896cam a2200265 a 4500
001 - CONTROL NUMBER
control field 14568105
003 - CONTROL NUMBER IDENTIFIER
control field GE_BSU
005 - DATE AND TIME OF LATEST TRANSACTION
control field 20221116142650.0
008 - FIXED-LENGTH DATA ELEMENTS--GENERAL INFORMATION
fixed length control field 060925s2008 iaua b 001 0 eng
010 ## - LIBRARY OF CONGRESS CONTROL NUMBER
LC control number 2006031901
020 ## - INTERNATIONAL STANDARD BOOK NUMBER
International Standard Book Number 9780073047874 (hard copy : alk. paper) x
020 ## - INTERNATIONAL STANDARD BOOK NUMBER
International Standard Book Number 0073047872 (hard copy : alk. paper) x
041 ## - LANGUAGE CODE
Language code of text/sound track or separate title eng
080 ## - UNIVERSAL DECIMAL CLASSIFICATION NUMBER
Universal Decimal Classification number 547 C-21
100 1# - MAIN ENTRY--PERSONAL NAME
Personal name Carey, Francis A.,
Dates associated with a name 1937-
9 (RLIN) 7387
245 10 - TITLE STATEMENT
Title Organic chemistry /
Statement of responsibility, etc. Francis A. Carey.
250 ## - EDITION STATEMENT
Edition statement 7th ed.
264 ## - PRODUCTION, PUBLICATION, DISTRIBUTION, MANUFACTURE, AND COPYRIGHT NOTICE
Place of production, publication, distribution, manufacture Boston :
Name of producer, publisher, distributor, manufacturer McGraw-Hill Higher Education,
Date of production, publication, distribution, manufacture, or copyright notice c2008.
300 ## - PHYSICAL DESCRIPTION
Extent 1 v. (various pagings) :
Other physical details col. ill. ;
Dimensions 29 cm.
504 ## - BIBLIOGRAPHY, ETC. NOTE
Bibliography, etc. note Includes bibliographical references and index.
650 #0 - SUBJECT ADDED ENTRY--TOPICAL TERM
Topical term or geographic name entry element Chemistry, Organic.
9 (RLIN) 7388
653 ## - INDEX TERM--UNCONTROLLED
keyword ორგანული ქიმია
856 41 - ELECTRONIC LOCATION AND ACCESS
Materials specified Table of contents only
Uniform Resource Identifier http://www.loc.gov/catdir/toc/ecip071/2006031901.html
942 ## - ADDED ENTRY ELEMENTS (KOHA)
Source of classification or shelving scheme
Koha item type წიგნი
ეგზემპლარები
Withdrawn status Lost status Source of classification or shelving scheme Damaged status Not for loan Permanent Location Current Location Shelving location Date acquired Cost, normal purchase price Full call number Barcode Date last seen Copy number Price effective from Koha item type Public note
          ბათუმის შოთა რუსთაველის სახელმწიფო უნივერსიტეტის მთავარი ბიბლიოთეკა ბათუმის შოთა რუსთაველის სახელმწიფო უნივერსიტეტის მთავარი ბიბლიოთეკა წიგნსაცავი 2018-12-17 500.00 547 C-21 694 2018-12-17 694 2018-12-17 წიგნი 500 ლ.